Los actos no contenciosos y su práctica forense: esquemas y formularios
Salvato in:
| Autori principali: | , , |
|---|---|
| Natura: | Libro |
| Lingua: | spagnolo |
| Pubblicazione: |
Santiago
Universidad de Chile
1992
|
| Soggetti: | |
| Tags: |
Aggiungi Tag
Nessun Tag, puoi essere il primo ad aggiungerne!!
|
MARC
| LEADER | 00000nam a2200000 a 4500 | ||
|---|---|---|---|
| 001 | UCV2626 | ||
| 003 | CL-VaPUC | ||
| 008 | 920914e19920000CL |||||||||||||||||spa|d | ||
| 082 | 0 | 4 | |a 347.055 |b JAE |2 21 |
| 100 | |a Jaeger Cousiño, Pablo |e author |9 740508 | ||
| 700 | 0 | |a Maturana Sáenz, Francisco |e author |9 296892 | |
| 700 | 0 | |a Alfaro Macherone, Rafael |e author |9 296893 | |
| 245 | 1 | 4 | |a Los actos no contenciosos y su práctica forense: esquemas y formularios |
| 300 | |a 383 p | ||
| 942 | |c BK | ||
| 945 | |d 19920914 00:00:00 | ||
| 260 | |a Santiago |b Universidad de Chile |c 1992 | ||
| 650 | 7 | |a JURISDICCION NO CONTENCIOSA |2 CL-VaPUC |9 258078 | |
| 650 | 7 | |a FORMULARIOS JUDICIALES |2 CL-VaPUC |9 258079 | |
| 650 | 0 | |a Práctica forense |9 256375 | |
| 650 | 0 | |a Procedimiento civil |9 254870 | |
| 651 | 7 | |a CHILE |2 CL-VaPUC |9 296894 | |
| 583 | |a last modification |c 19920914 00:00:00 |k Rodrigo Vera | ||
| 999 | |c 210142 |d 210140 | ||
| 952 | |0 0 |1 0 |4 0 |6 347_055000000000000_JAE_1992 |7 0 |8 F |9 186184 |a BIBDER |b BIBDER |d 2019-11-14 |i 2536579 |o 347.055 JAE 1992 |p 2536579 |r 2023-01-25 |w 2019-11-14 |y BK_F |k DER | ||